000 00636nam a2200181Ia 4500
008 151202s9999||||xx |||||||||||||| ||und||
082 _bPNVM-73774
100 _aअनु. भावे ह.अ.
245 _aकौटिलीय अर्थशास्त्र.
260 _b"वरदा प्रकाशन, पुणे."
260 _c73774
300 _a580
600 _aअनु. भावे ह.अ.
630 _aकौटिलीय अर्थशास्त्र.
700 _aअनु. भावे ह.अ.
730 _aकौटिलीय अर्थशास्त्र.
942 _cBOOK
999 _c1340437
_d1340434